Activación del pensamiento 3 / (Registro nro. 9957)

Detalles MARC
000 -LIDER
fixed length control field 00974nam a22003017a 4500
001 - NÚMERO DE CONTROL
Identificador de número de control 00290
003 - IDENTIFICACDOR DE NÚMERO DE CONTROL
control field DO-SdBNP
005 - DATE AND TIME OF LATEST TRANSACTION
control field 20180312105417.0
007 - CAMPOS FIJOS DE DESCRIPCIÓN FÍSICA
fixed length control field 00290
008 - ELEMENTOS DE LONGITUD FIJA
fixed length control field 160429b dr 2005||||| |||| 00| 0 spa d
020 ## - ISBN
International Standard Book Number 9789945110999 (v. 3)
020 ## - ISBN
International Standard Book Number 9789945111187 (v. 3) Guía
040 ## - FUENTE DE CATALOGACIÓN
Agencia que crea de manera original el registro BPMSU
Idioma de catalogación spa
Agencia que realiza la transcripción BPMSU
082 04 - NÚMERO DE CLASIFICACIÓN DECIMAL DE DEWEY
Classification number 371.227
Item number A188p 3ro. 2005
245 ## - MENCIÓN DE TITULO
Título Activación del pensamiento 3 /
Mención de responsabilidad Andrés Molina Maloon [et al...] ; dirección editorial Obdulia García de Escobar
260 ## - PUBLICACIÓN, DISTRIBUCIÓN, ETC. (PIE DE IMPRENTA)
Lugar de publicación, distribución, etc Santo Domingo :
Nombre del editor, distribuidor, etc. Santillana,
Fecha de publicación, distribución, etc 2005.
300 ## - DESCRIPCIÓN FÍSICA
Extensión 2 v. :
Otros detalles físicos il., retrs.
Dimensiones 28 cm.
490 ## - MENCIÓN DE SERIES
Mención de serie Ámbar
500 ## - NOTA GENERAL
Nota general La biblioteca posee solamenteel libro y la guía
700 1# - ASIENTO SECUNDARIO -- NOMBRE PERSONAL
Nombre personal Llibre de Vargas, Claudia
700 1# - ASIENTO SECUNDARIO -- NOMBRE PERSONAL
Nombre personal Castro Catrain, Margarita
700 1# - ASIENTO SECUNDARIO -- NOMBRE PERSONAL
Nombre personal García-Cartagena, Manuel
700 1# - ASIENTO SECUNDARIO -- NOMBRE PERSONAL
Nombre personal García de Escobar, Obdulia,
Mención de responsabilidad dir. ed.
830 #0 - ASIENTO SECUNDARIO DE SERIE--TÍTULO UNIFORME
Título uniforme Ámbar
942 ## - ADDED ENTRY ELEMENTS (KOHA)
Source of classification or shelving scheme Dewey Decimal Classification
Koha item type Libros
945 ## - INFORMACIÓN DE PROCESAMIENTO LOCAL
Información de procesamiento local Remanejado para la BNPHU / 2018
956 ## - LOCAL ELECTRONIC LOCATION AND ACCESS (OCLC)
Nombre de host BTAVÁREZ
Existencias
Withdrawn status Lost status Source of classification or shelving scheme Damaged status Not for loan Collection code Home library Current library Date acquired Source of acquisition Total Checkouts Full call number Barcode Date last seen Price effective from Koha item type Copy number
    Dewey Decimal Classification     Colección Escolar Biblioteca Pública Metropolitana Salomé Ureña Biblioteca Pública Metropolitana Salomé Ureña 04/29/2016 Donación   371.227 A188p 3ro. 2005 v.1 BPMSU16040788 04/29/2016 04/29/2016 Libros  
    Dewey Decimal Classification     Colección Escolar Biblioteca Pública Metropolitana Salomé Ureña Biblioteca Pública Metropolitana Salomé Ureña 04/29/2016 Donación   371.227 A188p 3ro. 2005 v.1 BPMSU16040789 04/29/2016 04/29/2016 Libros ej. 2
    Dewey Decimal Classification     Colección Escolar Biblioteca Pública Metropolitana Salomé Ureña Biblioteca Pública Metropolitana Salomé Ureña 04/29/2016 Donación   371.227 A188p 3ro. 2005 v.2 Guía BPMSU16040790 04/29/2016 04/29/2016 Libros